| 000 | 00391nam a22001577a 4500 | ||
|---|---|---|---|
| 005 | 20160520165859.0 | ||
| 008 | 160520b xxu||||| |||| 00| 0 eng d | ||
| 041 | _aeng | ||
| 082 | _b3628 | ||
| 100 |
_aDr. Kamal Kumar R.C. Ghai _9897 |
||
| 245 | _aAdvanced Mechanics of Materials | ||
| 260 |
_bKhanna Publishing _c2002 |
||
| 300 | _a306 | ||
| 650 |
_aDIPLOMA ENGINEERING _9817 |
||
| 942 | _cBK | ||
| 999 |
_c1233 _d1233 |
||